000 00380nam a2200145Ia 4500
005 20251222175934.0
008 251222s9999||||xx |||||||||||||| ||spa||
020 _a9786124118937
082 _a657.46/C35
100 _aC.P.C. Castro Gálvez, Luis
245 0 _aManual Práctico de Fiscalización Tributaria
250 _a1ra.ed.
264 _bInstituto Pacífico
942 _cLIB
999 _c41127
_d41127